Estructuras compuestas de madera sólida y madera contrachapeada

Wedi'i Gadw mewn:
Manylion Llyfryddiaeth
Prif Awdur: Fernández Córdoba, Carlos A.
Fformat: Anhysbys
Cyhoeddwyd: [San José, Costa Rica] 1974
Pynciau:
Tagiau: Ychwanegu Tag
Dim Tagiau, Byddwch y cyntaf i dagio'r cofnod hwn!

MARC

LEADER 00000 a2200000 4500
003 011472
005 20221231143821.0
008 140114s1974 c a m 000 ||s d
040 |c cru CEDI 
090 |a TFG 554 
100 |a Fernández Córdoba, Carlos A.  |9 16694 
245 |a Estructuras compuestas de madera sólida y madera contrachapeada 
260 |c 1974  |a [San José, Costa Rica] 
300 |a  44 hojas : ilustraciones gráficos  
500 |a  Tesis (Ingeniero civil) Universidad de Costa Rica.  
650 |x MATERIALES DE CONSTRUCCION - PRUEBAS   |x MADERA CONTRACHAPADA   |x INDUSTRIA DE LA MADERA  |9 16695 
942 |c TFG 
999 |c 12430  |d 12430